[Event "Landesliga U20 Sued 1718"]
[Site "Bayern"]
[Date "2017.12.02"]
[Round "3.1"]
[White "Mooser, Nicolas"]
[Black "Staudacher, Leon"]
[Result "1-0"]
[WhiteElo "1896"]
[BlackElo "1723"]
[PlyCount "37"]
[EventDate "2017.11.18"]
[EventType "team-tourn"]
[EventRounds "7"]
[EventCountry "GER"]
[SourceTitle "EXT 2022"]
[Source "ChessBase"]
[SourceDate "2021.10.06"]
[SourceVersion "1"]
[SourceVersionDate "2021.10.06"]
[SourceQuality "1"]
[WhiteTeam "Dorfen PSV U20"]
[BlackTeam "Sendling SC U20"]
[WhiteTeamCountry "GER"]
[BlackTeamCountry "GE2"]

1. Nf3 c5 2. g3 Nc6 3. d4 cxd4 4. Nxd4 Nf6 5. Bg2 Nxd4 6. Qxd4 d5 7. 0-0 Bf5 8. c4 dxc4 9. Qxc4 Qd7 10. Nc3 Rc8 11. Qb3 b6 12. Bf4 g6 13. Rfd1 Qe6 14. Qb5+ Nd7 15. e4 Bh3 16. Rd2 Rc5 17. Qa4 Ra5 18. Qd4 Bxg2 19. Kxg2 1-0